[Event "Benidorm op U2000 14th"]
[Site "Benidorm"]
[Date "2015.11.29"]
[Round "2"]
[White "Zotes Flecha, Luis"]
[Black "Ayats Llobera, Gerard"]
[Result "0-1"]
[WhiteElo "1812"]
[BlackElo "1988"]
[PlyCount "88"]
[EventDate "2015.11.28"]
[EventType "swiss"]
[EventRounds "10"]
[EventCountry "ESP"]
[SourceTitle "CBM 169 Extra"]
[Source "ChessBase"]
[SourceDate "2015.12.18"]
[SourceVersion "1"]
[SourceVersionDate "2015.12.18"]
[SourceQuality "1"]

1. c4 e6 2. Nf3 d5 3. cxd5 exd5 4. d3 Bd6 5. g3 Ne7 6. Bg2 0-0 7. 0-0 c6 8. b3 Bf5 9. Bb2 Qd7 10. e4 Bh3 11. Nh4 Bxg2 12. Kxg2 f5 13. e5 Bc7 14. f4 d4 15. Na3 c5 16. Nc2 Nbc6 17. Kg1 Nd5 18. Ng2 b5 19. Qe2 Qe6 20. Rac1 Bb6 21. Kh1 b4 22. Qf3 a5 23. a4 Rac8 24. h3 Rfd8 25. g4 Nce7 26. Rfe1 Rf8 27. g5 Rfd8 28. h4 Nc3 29. Na1 Rc7 30. h5 Rcd7 31. Rc2 c4 32. bxc4 Nxa4 33. Rb1 Nc3 34. Bxc3 dxc3 35. Ne1 Nc6 36. Qg2 Nd4 37. Ra2 Qe7 38. Nb3 Nxb3 39. Rxb3 Rd4 40. Qc6 Qc7 41. Qe6+ Kh8 42. Qxf5 Qc5 43. h6 Rxf4 44. hxg7+ Kxg7 0-1

[Event "Benidorm op 21st"]
[Site "Benidorm"]
[Date "2008.04.25"]
[Round "1"]
[White "Andersson, Ulf"]
[Black "Zotes Flecha, Luis"]
[Result "1-0"]
[WhiteElo "2537"]
[BlackElo "1977"]
[PlyCount "79"]
[EventDate "2008.04.25"]
[EventType "swiss"]
[EventRounds "10"]
[EventCountry "ESP"]
[SourceTitle "CBM 123 Extra"]
[Source "ChessBase"]
[SourceDate "2008.05.06"]
[SourceVersion "1"]
[SourceVersionDate "2008.05.06"]
[SourceQuality "1"]

1. d4 g6 2. c4 d6 3. Nc3 Bg7 4. Nf3 Nf6 5. g3 c6 6. Bg2 0-0 7. 0-0 Nbd7 8. e4 e5 9. Rb1 a6 10. dxe5 Nxe5 11. Nxe5 dxe5 12. c5 Be6 13. b3 Qxd1 14. Rxd1 Rfd8 15. Be3 Ng4 16. Bg5 f6 17. Bd2 Rd7 18. h3 Rad8 19. Be1 Nh6 20. Rxd7 Rxd7 21. f3 f5 22. Kf2 Bf6 23. Ke2 Be7 24. Na4 Bd8 25. Nb6 Bxb6 26. cxb6 Nf7 27. Rc1 fxe4 28. fxe4 Ng5 29. g4 h5 30. Bd2 Nf7 31. g5 Re7 32. h4 Bg4+ 33. Ke3 Re6 34. Bb4 Re8 35. Bf1 Be6 36. Rd1 Rd8 37. Rxd8+ Nxd8 38. Be7 Nf7 39. Bxa6 Bc8 40. Bf1 1-0